[Event "ESP-chT 1st Division 2020"]
[Site "Padron"]
[Date "2020.10.07"]
[Round "5.18"]
[White "Ambartsumova, Karina"]
[Black "Garcia Almeida, Valeria"]
[Result "1-0"]
[WhiteElo "2371"]
[BlackElo "1357"]
[Annotator "TA"]
[PlyCount "49"]
[EventDate "2020.10.01"]
[EventType "team-tourn"]
[EventCountry "ESP"]
[SourceTitle "playchess.com"]
[Source "ChessBase"]
[SourceQuality "1"]

{[%evp 9,49,88,101,93,92,89,95,92,99,97,91,89,95,104,107,105,116,110,115,99,122,117,189,116,179,168,228,225,337,249,555,565,793,792,916,899,1323,1318,1311,1301,1831,1785]} 1. e4 c5 2. Nf3 Nc6 3. c3 g6 4. d4 d6 5. d5 Ne5 6. Nxe5 {B22: Sicilian: 2 c3.} dxe5 7. c4 Nf6 8. Nc3 {White is better.} Bg7 9. Bg5 {[#]} O-O $146 ({Predecessor:} 9... Qb6 10. Qb3 Qa5 11. Bd3 O-O 12. O-O Rd8 13. Rfe1 a6 14. Na4 Rd6 15. Qc2 Bd7 {0-1 (42) Bonne,J (1345)-Steinmetzer,J (1580) Dudelange 1997}) 10. Qd2 a6 11. Be2 Bd7 12. O-O Rb8 13. a4 Qc7 14. Rad1 Rfd8 15. h3 Qa5 {[#]} (15... Bc8 $16) 16. Qc2 ({Better is} 16. f4 $1 $18) 16... h5 (16... Rdc8 $16) 17. f4 $18 exf4 (17... Nh7 {was worth a try.}) 18. Bxf4 Rbc8 (18... Be8 $142 19. Bxb8 Rxb8) 19. Bd3 Kh7 $2 (19... Be8 20. e5 Nh7) 20. e5 {White is clearly winning.} Ng8 21. Bd2 Rf8 {[#]} 22. Rxf7 $1 {[%mdl 576] Decoy} Rxf7 23. Bxg6+ Kh8 24. Bxf7 Bxe5 25. Qg6 {Accuracy: White = 85%, Black = 33%.} 1-0

[Event "ESP-chT 1st Division 2020"]
[Site "Padron"]
[Date "2020.10.07"]
[Round "5.19"]
[White "Ladron De Guevara Pinto, Paolo"]
[Black "Espinosa Aranda, Angel"]
[Result "1/2-1/2"]
[WhiteElo "2433"]
[BlackElo "2502"]
[Annotator "TA"]
[PlyCount "49"]
[EventDate "2020.10.01"]
[EventType "team-tourn"]
[EventCountry "ESP"]
[SourceTitle "playchess.com"]
[Source "ChessBase"]
[SourceQuality "1"]

{[%evp 9,49,49,56,24,30,21,29,22,27,29,25,16,16,14,11,0,2,0,7,-31,25,27,35,19,24,14,16,26,20,22,26,14,15,0,0,0,17,0,0,-10,23,0]} 1. d4 Nf6 2. c4 Nc6 3. Nc3 e5 4. d5 Ne7 5. g3 Ng6 6. Bg2 {A50: Queen's Fianchetto Defence (1 d4 Nf6 2 c4 b6).} Bb4 7. Bd2 O-O 8. e4 d6 9. Nge2 {[#]} a6 $146 ({Predecessor:} 9... a5 10. O-O a4 11. a3 Ba5 12. Bg5 Bxc3 13. Nxc3 Bd7 14. h3 h6 15. Be3 Ne8 {1-0 (30) Dordzhieva,D (2294)-Vifleemskaia,S (2035) Moscow 2018}) 10. Qc2 Bd7 11. a3 Bc5 12. b4 Ba7 13. Nd1 c6 14. O-O b5 (14... cxd5 $15 15. exd5 Ne7) 15. dxc6 $11 Bxc6 16. cxb5 Bxb5 17. Be3 d5 18. exd5 Nxd5 19. Bxa7 Rxa7 20. Re1 Rc7 21. Qd2 Rd7 {[#] ...Ndf4 is the strong threat.} 22. Qc1 Rc7 23. Qd2 Rd7 {White must now prevent ...Ndf4.} 24. Qc1 Rc7 25. Qd2 {Accuracy: White = 91%, Black = 91%.} 1/2-1/2

[Event "ESP-chT 1st Division 2020"]
[Site "Padron"]
[Date "2020.10.07"]
[Round "5.20"]
[White "Plazuelo Pascual, Juan"]
[Black "Alshameary Puente, Ismael"]
[Result "1/2-1/2"]
[WhiteElo "2474"]
[BlackElo "2373"]
[Annotator "TA"]
[PlyCount "60"]
[EventDate "2020.10.01"]
[EventType "team-tourn"]
[EventCountry "ESP"]
[SourceTitle "playchess.com"]
[Source "ChessBase"]
[SourceQuality "1"]

{[%evp 10,60,11,0,0,0,0,0,0,1,5,0,45,37,45,41,37,12,32,17,29,17,18,14,17,7,37,18,41,50,30,22,56,74,65,55,55,64,64,57,78,57,57,49,49,49,49,57,57,45,55,51,57]} 1. d4 d5 2. c4 e6 3. Nc3 c6 4. e4 dxe4 5. Nxe4 Bb4+ 6. Nc3 e5 {D31: Queen's Gambit Declined: Semi-Slav without ...Nf6 (+ Marshall Gambit and Noteboom) and Exchange Variation lines without ...Nf6.} 7. a3 Bxc3+ 8. bxc3 Qa5 {The position is equal.} 9. Bd2 Nf6 10. Nf3 e4 (10... Nbd7 {seems wilder.} 11. Be2 e4 12. Ng5 O-O 13. O-O Re8) 11. Ne5 Nbd7 12. Nxd7 Bxd7 {[#]} 13. c5 $146 ({Predecessor:} 13. Be2 O-O 14. O-O Rfe8 15. Qb3 b6 16. Qb4 Qf5 17. a4 c5 18. Qb2 Qg6 19. Kh1 {½-½ (68) Cremisi,D (2148)-Harsha,B (2509) chess.com INT 2020}) 13... O-O 14. Be2 Qc7 15. O-O b6 16. cxb6 axb6 17. c4 Rfe8 18. a4 Qd6 19. Be3 Ra5 20. Rb1 c5 21. dxc5 Qxd1 22. Bxd1 bxc5 23. Bd2 Raa8 24. a5 Ng4 25. Bxg4 (25. Rb7 $5 {[%cal Rb7d7]} Bf5 26. Rb5 $16) 25... Bxg4 {White is slightly better.} 26. Rb5 Be2 {[#] Hoping for ...Red8.} 27. Rc1 Red8 28. Be3 Bxc4 29. Rxc5 Bd3 30. h3 h6 {Accuracy: White = 100%, Black = 85%.} 1/2-1/2

[Event "ESP-chT 1st Division 2020"]
[Site "Padron"]
[Date "2020.10.07"]
[Round "5.21"]
[White "Garrido Outon, Alex"]
[Black "Almagro Llamas, Pablo"]
[Result "1/2-1/2"]
[WhiteElo "2366"]
[BlackElo "2429"]
[Annotator "RC"]
[PlyCount "79"]
[EventDate "2020.10.01"]
[EventType "team-tourn"]
[EventCountry "ESP"]
[SourceTitle "playchess.com"]
[Source "ChessBase"]
[SourceQuality "1"]
[TimeControl "5400+30"]

1. e4 {[%emt 0:00:00]} c6 {[%emt 0:00:00]} 2. Nc3 {[%emt 0:00:00]} d5 {[%emt 0:00:05]} 3. Nf3 {[%emt 0:00:19]} dxe4 {[%emt 0:01:22]} 4. Nxe4 {[%emt 0:00:18]} Nf6 {[%emt 0:01:09]} 5. Qe2 {[%emt 0:00:28]} Qd5 {[%emt 0:02:20]} 6. Nxf6+ {[%emt 0:03:39]} gxf6 {[%emt 0:00:27]} 7. g3 {[%emt 0:10:11]} Na6 {[%emt 0:07:27]} 8. d3 {[%emt 0:07:41]} Nb4 {[%emt 0:24:28]} 9. Bg2 {[%emt 0:32:20]} Bg4 {[%emt 0:02:37]} 10. Kd1 {[%emt 0:02:54]} e5 {[%emt 0:04:32]} 11. h3 {[%emt 0:08:06]} Be6 {[%emt 0:05:17]} 12. Bd2 {[%emt 0:01:10]} O-O-O {[%emt 0:09:24]} 13. a3 {[%emt 0:01:10]} Na6 {[%emt 0:14:10]} 14. Kc1 {[%emt 0:06:40]} Nc5 {[%emt 0:03:59]} 15. Nh4 {[%emt 0:03:11]} Qd7 {[%emt 0:00:54]} 16. g4 {[%emt 0:01:21]} h5 {[%emt 0:02:19]} 17. gxh5 {[%emt 0:06:03]} Be7 {[%emt 0:04:03]} 18. h6 {[%emt 0:02:00]} Qd4 {[%emt 0:11:05]} 19. Nf3 {[%emt 0:02:07]} Qa4 {[%emt 0:00:06]} 20. Be3 {[%emt 0:04:20]} e4 {[%emt 0:00:53]} 21. dxe4 {[%emt 0:01:23]} Qxe4 {[%emt 0:02:46]} 22. Ne1 {[%emt 0:01:57]} Qa4 {[%emt 0:00:32]} 23. Nd3 {[%emt 0:01:23]} Nxd3+ {[%emt 0:00:23]} 24. cxd3 {[%emt 0:00:02]} f5 {[%emt 0:00:37]} 25. Qc2 {[%emt 0:02:12]} Bb3 {[%emt 0:00:40]} 26. Qc3 {[%emt 0:00:01]} f4 {[%emt 0:00:16]} 27. Bd2 {[%emt 0:00:34]} Rxh6 {[%emt 0:00:25]} 28. Be4 {[%emt 0:00:12]} Rh5 {[%emt 0:00:47]} 29. Kb1 {[%emt 0:01:21]} Rc5 {[%emt 0:00:47]} 30. Qb4 {[%emt 0:00:01]} Rc1+ {[%emt 0:00:38]} 31. Rxc1 {[%emt 0:00:01]} Bxb4 {[%emt 0:00:07]} 32. axb4 {[%emt 0:00:10]} Qb5 {[%emt 0:00:04]} 33. Rxa7 {[%emt 0:02:07]} Rxd3 {[%emt 0:01:16]} 34. Ra5 {[%emt 0:00:29]} Qxa5 {[%emt 0:00:26]} 35. bxa5 {[%emt 0:00:07]} Rxd2 {[%emt 0:00:05]} 36. f3 {[%emt 0:00:59]} Rh2 {[%emt 0:00:48]} 37. Rc3 {[%emt 0:00:37]} Rh1+ {[%emt 0:00:23]} 38. Rc1 {[%emt 0:00:01]} Rh2 {[%emt 0:00:21]} 39. a6 {[%emt 0:01:21]} bxa6 {[%emt 0:00:12]} 40. Bxc6 {[%emt 0:00:31]} 1/2-1/2

[Event "ESP-chT 1st Division 2020"]
[Site "Padron"]
[Date "2020.10.07"]
[Round "5.22"]
[White "Martinez Martin, David"]
[Black "Garcia Jimenez, Santiago"]
[Result "1-0"]
[WhiteElo "2389"]
[BlackElo "2203"]
[Annotator "TA"]
[PlyCount "79"]
[EventDate "2020.10.01"]
[EventType "team-tourn"]
[EventCountry "ESP"]
[SourceTitle "playchess.com"]
[Source "ChessBase"]
[SourceQuality "1"]

{[%evp 9,79,16,8,15,21,19,27,0,25,21,33,28,28,29,37,36,40,35,47,41,51,58,49,55,44,46,40,41,45,43,135,97,162,83,89,87,75,81,79,80,190,179,182,188,241,208,227,150,503,496,464,382,377,360,714,708,842,779,810,787,799,703,954,815,943,931,2688,2419,3518,2233,29987,29988]} 1. Nf3 Nf6 2. c4 e6 3. e3 c5 4. Nc3 d5 5. cxd5 exd5 6. Bb5+ {A17: English Opening: 1...Nf6 with ...Bb4.} Bd7 7. Bxd7+ Qxd7 8. d4 {White has an edge.} Nc6 9. O-O Bd6 10. dxc5 Bxc5 11. b3 O-O 12. Bb2 {[#]} Rfe8 $146 ({Predecessor:} 12... Rfd8 13. Rc1 Qe7 14. Nb5 Ne4 15. Nbd4 Qf8 16. Qe2 Rac8 17. Rfd1 Ba3 18. Bxa3 Qxa3 19. Nxc6 Rxc6 20. Rxc6 bxc6 {½-½ (59) Bischoff,K (2500)-Anastasian,A (2532) Radebeul 2016}) 13. Rc1 Bf8 14. Qd3 Nb4 15. Qb1 Nc6 16. Rfd1 Rad8 17. Ne2 Ne4 18. Nf4 Qf5 19. h3 Rd6 ({Better is} 19... h5 $14) 20. g4 Rg6 (20... Qc8 $16) 21. Rxd5 (21. Nh4 $18 Qg5 22. Nhxg6 hxg6 23. Qd3 (23. Rxd5 Qh4 $11)) 21... Rxg4+ $16 {[#]} 22. Kf1 $1 ({Not} 22. hxg4 Qxg4+ 23. Kh2 Qxf3 $17) 22... Rxf4 23. Rxf5 Rxf5 24. Rc4 $36 {[%mdl 2048] Keeping Black busy.} Nd6 (24... Rxf3 $16 25. Rxe4 Rxh3) 25. Rf4 $18 Rxf4 26. exf4 Ne4 (26... Rd8 $142 27. Qc2 Nb4) 27. Qd3 Nc5 28. Qf5 {White wants to mate with Ng5!} f6 $2 {Loses the game.} (28... h6 $16 29. Ne5 Nxe5) 29. Qd5+ Kh8 30. Qf7 Rc8 31. Ba3 b6 $2 (31... b5 32. Bxc5 Bxc5) 32. b4 Nd3 33. Qd7 {[%mdl 64] [#] Double Attack} Rd8 34. Qxc6 Nxf4 35. Qc2 a5 36. Bc1 Nd3 37. bxa5 {[%cal Bb4a5,Ba5b6,Bb6b7][%mdl 32]} Nxc1 38. axb6 Nd3 39. Qc7 Ra8 40. b7 {Accuracy: White = 90%, Black = 40%.} 1-0

[Event "ESP-chT 1st Division 2020"]
[Site "Padron"]
[Date "2020.10.07"]
[Round "5.23"]
[White "Perera Borrego, Maria Adela"]
[Black "Martinez Piqueras, Carlos"]
[Result "1-0"]
[WhiteElo "2221"]
[BlackElo "2200"]
[Annotator "TA"]
[PlyCount "71"]
[EventDate "2020.10.01"]
[EventType "team-tourn"]
[EventCountry "ESP"]
[SourceTitle "playchess.com"]
[Source "ChessBase"]
[SourceQuality "1"]

{[%evp 14,71,62,29,66,16,55,12,58,45,51,55,99,38,91,56,75,46,86,35,47,35,49,22,29,35,29,14,19,0,20,0,0,0,0,0,51,51,82,52,92,91,99,62,160,150,223,206,403,399,419,436,426,428,527,516,635,548,818,558]} 1. d4 Nf6 2. c4 e6 3. Nc3 Bb4 4. Qc2 O-O 5. a3 Bxc3+ 6. Qxc3 Qe8 7. f3 d6 8. Bg5 Nbd7 {E32: Nimzo-Indian: Classical (4 Qc2): 4...0-0.} 9. e3 {[#]} a5 $146 ({Predecessor:} 9... e5 10. O-O-O b6 11. Bd3 Bb7 12. Bf5 e4 13. Kb1 h6 14. Bh4 g6 15. Bh3 b5 16. d5 {1-0 (31) Bareev,E (2605)-Bischoff,K (2530) Novi Sad 1990}) 10. Bd3 a4 {The position is equal.} 11. Ne2 e5 12. O-O b6 13. Rae1 (13. Qc2 $16) 13... Ba6 ({Black should play} 13... e4 $14) 14. Bc2 b5 15. Bh4 c6 16. dxe5 (16. e4 $16) 16... dxe5 $14 17. Ng3 Qe6 18. Rf2 Qxc4 19. Qxc4 bxc4 20. Rd2 Nc5 21. Bxf6 gxf6 22. Nh5 Rfd8 23. Red1 Rxd2 24. Rxd2 Kf8 (24... Rb8 $1 $11) 25. Nxf6 Ke7 26. Ng4 ({Reject} 26. Nxh7 Rb8 $11) 26... f6 27. Bxh7 Rb8 28. Nf2 Rb3 {[#]} (28... c3 $1 $14 29. bxc3 Rb3) 29. Nd1 $1 $16 Rb8 (29... Bc8 $16 30. Nc3 f5) 30. Bf5 $18 Nb7 $2 (30... Bc8) 31. Rd7+ Ke8 32. Rh7 {Rh8+ is the strong threat.} Nd8 {White is clearly winning.} 33. h4 c3 34. Nxc3 Rxb2 35. Ne4 Bc4 36. Nd6+ {[%mdl 64] Double Attack. Accuracy: White = 63%, Black = 33%.} 1-0

[Event "ESP-chT 1st Division 2020"]
[Site "Padron"]
[Date "2020.10.07"]
[Round "5.24"]
[White "Rodrigo Yanguas, Maria"]
[Black "Chacon Perez, Juan"]
[Result "1-0"]
[WhiteElo "2077"]
[BlackElo "2141"]
[Annotator "TA"]
[PlyCount "85"]
[EventDate "2020.10.01"]
[EventType "team-tourn"]
[EventCountry "ESP"]
[SourceTitle "playchess.com"]
[Source "ChessBase"]
[SourceQuality "1"]

{[%evp 18,85,39,33,49,49,68,33,36,50,60,60,73,13,18,10,4,-113,-114,-102,-129,-240,-245,-237,-238,-240,-165,-187,-211,-206,-187,-257,-191,-200,-199,-185,-193,-429,-174,-130,-170,-163,18,18,18,14,52,14,20,25,206,198,481,163,522,320,590,522,1885,1807,1450,1410,1340,1291,2118,2118,5995,5527,4813,1310]} 1. e4 e6 2. d4 d5 3. Nd2 Be7 4. Ngf3 Nf6 5. e5 Nfd7 6. Bd3 c5 7. c3 Nc6 8. O-O cxd4 9. cxd4 Qb6 10. Nb3 a5 {Black wants to play ...a4. C06: French Tarrasch: 3...Nf6 4 e5 Nfd7 5 Bd3 main lines.} 11. Be3 {[#]} f6 $146 ({Predecessor:} 11... a4 12. Nc1 Qxb2 13. Rb1 Qa3 14. Ne2 Bd8 15. Bc1 Qe7 16. Nc3 f6 17. Nb5 O-O 18. Ba3 {1-0 (34) Krivec,J (2251)-Sedina,E (2337) Sibenik 2012}) 12. Nh4 g6 {White is slightly better.} 13. exf6 Nxf6 14. Nf3 O-O 15. Ne5 ({White should try} 15. Bh6 $16) 15... a4 $11 16. Nc1 Bd6 17. f4 (17. Ne2 $11 {keeps the balance.}) 17... Nxe5 $17 ({Reject} 17... Qxb2 $6 18. Ne2 $11) ({But not} 17... Nxd4 $6 18. Bxg6 Bc5 19. Kh1 $14) 18. fxe5 Bxe5 {[%mdl 64] Pin} 19. Ne2 (19. Bc2 $17) 19... Ng4 $1 $19 20. Rxf8+ Kxf8 21. Qd2 Bd7 22. h3 Nxe3 23. Qxe3 Bg7 $1 24. h4 (24. Qg5 {is a better defense.}) 24... e5 {White must now prevent ...e4.} 25. Qf3+ {[#]} Kg8 $1 26. Qxd5+ Be6 27. Qc5 $2 (27. Qb5 Qxb5 28. Bxb5) 27... Qxb2 (27... Qxc5 $142 28. dxc5 a3) 28. Rb1 Qxa2 29. Rxb7 {[#]} Qd5 $2 (29... Rf8 $1 $19 {Strongly threatening ...exd4.} 30. h5 Bf7 31. Rxf7 Rxf7) 30. Qe7 {[%csl Gb7][%cal Re7g7]} Bf7 {[#] ...Bf8 is the strong threat.} 31. Be4 $1 $40 {[%cal Re4d5][%mdl 640] White is up to no good.} Qa2 {[#] aiming for ...Re8.} (31... Qxe4 32. Qxf7+) 32. Qxf7+ $1 {[%mdl 512]} Qxf7 33. Rxf7 Ra5 $2 (33... Kxf7 $11 {and Black has nothing to worry.} 34. Bxa8 exd4) 34. Rd7 $18 {Hoping for Bd5+.} exd4 $2 (34... Kf8 {was necessary.} 35. Bd5 Ke8) 35. Nxd4 $2 (35. Bd5+ Kf8 36. Nf4) 35... h5 $2 (35... Bxd4+ {is a better chance.} 36. Rxd4 Kg7) 36. Bxg6 Bf6 $2 (36... Bxd4+ {was called for.} 37. Rxd4 Kg7) 37. Nf5 {White is clearly winning.} Re5 38. Nh6+ Kf8 39. Rf7+ Ke8 40. Rxf6+ Ke7 41. Ra6 a3 42. Rxa3 Re6 43. Rg3 {What a bad dream for Black. Accuracy: White = 47%, Black = 41%.} 1-0

[Event "ESP-chT 1st Division 2020"]
[Site "Padron"]
[Date "2020.10.08"]
[Round "6.1"]
[White "Adla, Diego"]
[Black "Espinosa Aranda, Angel"]
[Result "1/2-1/2"]
[WhiteElo "2438"]
[BlackElo "2502"]
[Annotator "TA"]
[PlyCount "83"]
[EventDate "2020.10.01"]
[EventType "team-tourn"]
[EventCountry "ESP"]
[SourceTitle "playchess.com"]
[Source "ChessBase"]
[SourceQuality "1"]

{[%evp 9,83,0,10,10,10,0,0,0,10,-10,-16,-40,-20,-34,0,-60,0,2,4,0,1,0,0,0,0,0,0,-19,-4,0,-3,-29,-32,-33,8,0,0,0,18,12,17,12,12,7,12,12,15,14,12,-5,0,0,0,0,0,0,0,0,0,0,0,-2,0,0,0,0,0,0,0,0,0,0,0,0,0,0]} 1. c4 Nf6 2. Nc3 g6 3. e4 e5 4. Nf3 Nc6 5. g3 Bg7 6. Bg2 {A28: English Opening: Four Knights Variation.} O-O 7. d3 d6 8. h3 Nd7 9. O-O Nc5 {[#]} 10. Ne1 $146 ({Predecessor:} 10. Bg5 f6 11. Be3 Ne6 12. d4 exd4 13. Nxd4 Ncxd4 14. Bxd4 Nxd4 15. Qxd4 Be6 16. Qd3 {½-½ (54) Baghdasaryan,V (2492)-Mchedlishvili,M (2609) Lagodekhi 2016}) 10... Ne6 11. Nc2 Ncd4 12. b4 (12. Nxd4 $11 Nxd4 13. Ne2) 12... a5 (12... Nxc2 $15 13. Qxc2 f5) 13. b5 $1 $11 c6 14. bxc6 bxc6 15. Rb1 Nxc2 16. Qxc2 Nd4 17. Qd1 Be6 18. Be3 Qd7 19. Kh2 Rab8 20. Bxd4 exd4 21. Ne2 d5 22. exd5 {The position is equal.} cxd5 23. c5 Rb5 24. Qc2 {[#] aiming for c6.} Rc8 25. Rxb5 Qxb5 26. Rc1 Bf5 27. Nf4 {next c6 is good for White.} Bh6 $1 28. a4 Qa6 29. Bxd5 Bxf4 30. gxf4 Qxd3 31. Qxd3 Bxd3 {[%mdl 4096] Endgame KRB-KRB} 32. Bb7 Rc7 33. c6 Be2 {[#] Hoping for ...d3.} 34. Rc5 {And now Rd5 would win.} d3 35. Rd5 {Threatens to win with Rd7.} Bf3 36. Rxd3 Bxc6 37. Bxc6 Rxc6 {KR-KR} 38. Rd5 Rc4 39. Rxa5 Rxf4 40. Kg3 Rb4 41. h4 h5 42. Ra7 {Accuracy: White = 93%, Black = 88%.} 1/2-1/2

[Event "ESP-chT 1st Division 2020"]
[Site "Padron"]
[Date "2020.10.08"]
[Round "6.2"]
[White "Plazuelo Pascual, Juan"]
[Black "Glavina, Pablo"]
[Result "0-1"]
[WhiteElo "2474"]
[BlackElo "2412"]
[Annotator "TA"]
[PlyCount "52"]
[EventDate "2020.10.01"]
[EventType "team-tourn"]
[EventCountry "ESP"]
[SourceTitle "playchess.com"]
[Source "ChessBase"]
[SourceQuality "1"]

{[%evp 9,52,37,34,19,22,27,41,20,49,57,51,17,5,22,41,-18,-15,-57,-29,-97,-24,-122,-121,-265,-265,-830,-789,-1077,-1067,-1295,-1287,-1279,-1233,-29986,-1007,-29987,-29988,-29988,-1643,-29989,-29990,-29990,-12031,-29997,-29998]} 1. d4 Nf6 2. c4 g6 3. h4 c5 4. d5 b5 5. cxb5 a6 6. e3 {E60: King's Indian: Unusual lines and Fianchetto Variation without Nc3.} Bg7 7. Nc3 d6 8. Nf3 {White is slightly better.} Bg4 9. a4 O-O {[#]} 10. Bd2 $146 ({Predecessor:} 10. Ra3 axb5 11. Bxb5 Na6 12. e4 Nb4 13. Be2 Nd7 14. O-O Qb6 15. Re1 Qb7 16. Bg5 Bxf3 17. gxf3 {0-1 (47) Grischuk,A (2766)-Vachier Lagrave,M (2775) Riga 2019}) 10... e6 11. dxe6 fxe6 12. Qc2 (12. Be2 $14) 12... d5 $11 13. e4 Nbd7 14. Nh2 (14. bxa6 $11 c4 15. Be3) 14... Ne5 (14... Bh5 $17 15. f3 Ne5) 15. Nxg4 (15. f4 $11 Nxe4 16. Nxg4 Nxd2 17. Nxe5 Nxf1 18. Nc6) 15... Nfxg4 $17 {[%mdl 64] [#] Discovered Attack} 16. f4 {White does not recover from this.} (16. Nd1 $17) 16... d4 $19 17. Na2 $2 (17. fxe5 dxc3 18. Bxc3) 17... d3 18. Qb3 c4 19. Qb4 axb5 20. Nc3 Qd4 21. fxe5 Qf2+ 22. Kd1 Qxf1+ 23. Rxf1 Rxf1+ 24. Be1 Bh6 {[%csl Gf1][%cal Rg4f2]} 25. Qc5 Ne3+ (25... Raf8 $142 26. axb5 Ne3+ 27. Qxe3 Bxe3 28. g4 R8f2 29. Ra8+ Kg7 30. Ra7+ Bxa7 31. Kc1 d2+ {[%mdl 64] Double Attack, Pin} 32. Kb1 dxe1=Q+ 33. Nd1 Qxd1+ {[%mdl 64] Double Attack} 34. Ka2 Qb3#) 26. Kc1 Rxe1+ {Accuracy: White = 33%, Black = 87%.} 0-1

[Event "ESP-chT 1st Division 2020"]
[Site "Padron"]
[Date "2020.10.08"]
[Round "6.3"]
[White "Quintin Navarro, Alberto"]
[Black "Almagro Llamas, Pablo"]
[Result "1-0"]
[WhiteElo "2383"]
[BlackElo "2429"]
[Annotator "RC"]
[PlyCount "69"]
[EventDate "2020.10.01"]
[EventType "team-tourn"]
[EventCountry "ESP"]
[SourceTitle "playchess.com"]
[Source "ChessBase"]
[SourceQuality "1"]
[TimeControl "5400+30"]

1. c4 {[%emt 0:00:00]} b6 {[%emt 0:00:14]} 2. Nc3 {[%emt 0:02:46]} Bb7 {[%emt 0:00:37]} 3. d4 {[%emt 0:00:47]} e6 {[%emt 0:01:01]} 4. a3 {[%emt 0:00:24]} Nf6 {[%emt 0:03:17]} 5. d5 {[%emt 0:01:42]} exd5 {[%emt 0:12:00]} 6. cxd5 {[%emt 0:00:10]} Bd6 {[%emt 0:02:15]} 7. g3 {[%emt 0:02:45]} O-O {[%emt 0:01:43]} 8. Bg2 {[%emt 0:00:24]} Re8 {[%emt 0:02:56]} 9. Nh3 {[%emt 0:01:48]} Na6 {[%emt 0:05:36]} 10. O-O {[%emt 0:03:39]} c5 {[%emt 0:12:25]} 11. Re1 {[%emt 0:12:22]} c4 {[%emt 0:11:49]} 12. Nb5 {[%emt 0:10:05]} Bb8 {[%emt 0:14:02]} 13. Qd4 {[%emt 0:11:51]} Be5 {[%emt 0:08:23]} 14. Qxc4 {[%emt 0:01:15]} Rc8 {[%emt 0:00:09]} 15. Qd3 {[%emt 0:05:18]} Nc5 {[%emt 0:01:39]} 16. Qd1 {[%emt 0:01:05]} a6 {[%emt 0:00:12]} 17. Nc3 {[%emt 0:01:00]} Bxc3 {[%emt 0:00:13]} 18. bxc3 {[%emt 0:00:04]} Nce4 {[%emt 0:00:20]} 19. d6 {[%emt 0:05:32]} Nxc3 {[%emt 0:01:00]} 20. Qd3 {[%emt 0:00:30]} Bxg2 {[%emt 0:01:54]} 21. Kxg2 {[%emt 0:00:06]} Rc6 {[%emt 0:04:11]} 22. Bf4 {[%emt 0:05:27]} Qa8 {[%emt 0:09:59]} 23. f3 {[%emt 0:04:08]} h6 {[%emt 0:00:45]} 24. Rac1 {[%emt 0:02:03]} Nfd5 {[%emt 0:01:52]} 25. e4 {[%emt 0:02:14]} Nxf4+ {[%emt 0:00:08]} 26. Nxf4 {[%emt 0:00:06]} Nb5 {[%emt 0:00:08]} 27. Nd5 {[%emt 0:02:50]} Rxc1 {[%emt 0:02:43]} 28. Rxc1 {[%emt 0:00:06]} Re6 {[%emt 0:00:53]} 29. a4 {[%emt 0:01:11]} Nxd6 {[%emt 0:00:33]} 30. Nf4 {[%emt 0:02:08]} Nb7 {[%emt 0:01:22]} 31. Nxe6 {[%emt 0:00:19]} dxe6 {[%emt 0:00:02]} 32. a5 {[%emt 0:02:45]} Nc5 {[%emt 0:01:06]} 33. Qc4 {[%emt 0:01:49]} Qd8 {[%emt 0:00:24]} 34. Qc2 {[%emt 0:02:54]} Nd7 {[%emt 0:00:38]} 35. Qc8 {[%emt 0:00:14]} 1-0